000 01072 a2200241 4500
001 55375
005 20260407155828.0
008 260407a2006 arg spa d
003 AR-UNSa-BCEJYS
040 _aAR-UNSa-BCEJYS
_bspa
_cAR-UNSa-BCEJYS
080 _a340.12
_xTendencias en la teoría del derecho. Escuelas, doctrinas jurídicas. Filosofía del derecho. Teorías sobre el Estado y el derecho
245 1 0 _aLas razones de la producción del derecho
_pargumentación constitucional, argumentación parlamentaria y argumentación en la selección de jueces
020 _a978-950-29-0957-8
264 1 _aBuenos Aires :
_bUniversidad de Buenos Aires. Facultad de Derecho. Departamento de Publicaciones
_c2006
300 _a276 p.
_c22 cm.
505 _a1. Argumentación y Constitución - 2. Argumentación parlamentaria - 3. Argumentación en la selección y formación de jueces
041 _aspa
942 _cBK
590 _aniveau_biblio:m niveau_hierar:0
100 1 _aCardinaux, Nancy
700 1 _aClérico, María Laura
700 1 _aD'Auria, Aníbal
999 _c5932
_d5932